| 000 | 00645cam a22001931 4500 | ||
|---|---|---|---|
| 001 | 000001292 | ||
| 003 | DO-SdBNP | ||
| 005 | 20220221124330.0 | ||
| 008 | 771208s1942 ve 000 0 spa | ||
| 040 |
_aDO-SdBNP _bspa _cBNPHU |
||
| 082 | 4 |
_aV864.4 _bD542c |
|
| 100 | 1 |
_aDíaz Rodríguez, Manuel, _d1868-1927 _94375 |
|
| 245 | 1 | 0 |
_aCamino de perfección : _by otros ensayos / _cManuel Díaz Rodríguez ; prólogo de Manuel García Hernández. |
| 260 |
_aCaracas, Venezuela, : _bCecilio Acosta, _c[1942]. |
||
| 300 |
_a183 p. : _bil. ; _c21 cm. |
||
| 650 | 4 |
_aEnsayos venezolanos _94376 |
|
| 650 | 4 |
_aLiteratura venezolana _93816 |
|
| 942 |
_2ddc _cLBS1 |
||
| 999 |
_c1232 _d1232 |
||